000 00588nam a2200217Ia 4500
003 OSt
005 20220926043920.0
006 a|||||r|||| 00| 0
007 ta
008 220923b |||||||| |||| 00| 0 eng d
037 _cGeneral Book
040 _aRTL
_cRTL
_beng
041 _2eng
_aeng
082 _aY76137:3, K4;1
100 _aStefaniszyn Bronislaw
245 0 _aSocial and ritual life of the Ambo of Northern Rho
260 _c1964
650 _aAfrican Society
942 _hY76137:3, K4;1
_cGB
_2CC
999 _c673468
_d673468